00561nam a2200169Ia 4500008004100000100003000041245006300071245003000134260005900164260000900223300000800232650001800240650001500258856002600273999001900299952007300318170221s9999 xx 000 0 und d aOlubunmi Philip Aborisade aNon-traditional Skills and Tactics and Modern Technology  cOlubunmi Philip Aborisade bOnline Journal of Communication and Media Technologies c2016 a6 : xCommunication xMedia Arts uhttp://www.ojcmt.net/ c312961d312961 001040aCLbCLd2017-02-21l0r2017-02-21 00:00:00w2017-02-21yFOJ